|
|
|
|
| LEADER |
01237nam a2200373 4500 |
| 001 |
000005157 |
| 003 |
1300 |
| 005 |
20120411080439.0 |
| 008 |
110810s1978 viesd |
| 020 |
|
|
|c 20000đ
|
| 041 |
0 |
|
|a vie
|
| 082 |
|
|
|a 891.73
|b MA-G
|
| 100 |
0 |
|
|a Mátvêép, Ghécman
|
| 245 |
1 |
0 |
|a Tuổi mười bảy
|b Truyện dài
|c Ghécman Mátvêép ; Tuyết Minh dịch
|n Tập 2
|
| 250 |
|
|
|a In lần thứ 2
|
| 260 |
|
|
|a H.
|b Nxb. Phụ Nữ
|c 1978
|
| 300 |
|
|
|a 467 tr
|c 19 cm
|
| 500 |
|
|
|a Dịch từ nguyên bản tiếng Nga
|
| 653 |
|
|
|a Văn học hiện đại
|
| 653 |
|
|
|a Nga
|
| 653 |
|
|
|a tiểu thuyết
|
| 700 |
|
|
|a Tuyết Minh
|e dịch
|
| 773 |
|
|
|t Tuổi mười bảy
|w 1299
|
| 910 |
|
|
|a Nguyễn Thị Kim Oanh
|d 10/ 08/ 2011
|
| OWN |
|
|
|a LSP
|
| AVA |
|
|
|a UDN50
|b LSP
|d 891.73 MA-G
|e unavailable
|t Error 5002 Not defined in file expand_doc_bib_avail.
|f 2
|g 2
|h N
|i 0
|k 1
|
| 999 |
|
|
|a From the UDN01
|
| AVA |
|
|
|a UDN50
|b LSP
|d 891.73 MA-G
|e unavailable
|t Error 5002 Not defined in file expand_doc_bib_avail.
|f 2
|g 2
|h N
|i 0
|k 1
|
| TYP |
|
|
|a Monograph
|
| TYP |
|
|
|a Printed language
|
| 980 |
|
|
|a Mạng thư viện Đại học Đà Nẵng
|